Statistiche per Nomi di stati USA derivati da persone

Clicka qui per fare il quiz!

Statistiche generali

  • Questo quiz è stato fatto 113 volte
  • Il punteggio medio è 8 su 10

Statistiche sulle risposte

PersonaggioStato% Corretto
Giorgio II (Re di Gran Bretagna)Georgia
96%
George Washington (Presidente statunitense)Washington
92%
William Penn (Politico e teologo inglese)Pennsylvania
86%
Luigi XIV (Re di Francia)Louisiana
84%
Elisabetta I (Regina d'Inghilterra)Virginia
77%
Giacomo II (Re d'Inghilterra e Scozia e Duca di York)New York
69%
Enrichetta Maria di Borbone (Regina consorte d'Inghilterra e Scozia)Maryland
66%
Elisabetta I (Regina d'Inghilterra)West Virginia
66%
Carlo I (Re d'Inghilterra e Scozia)North Carolina
64%
Carlo I (Re d'Inghilterra e Scozia)South Carolina
62%

Distribuzione punteggi

Percentile per numero di risposta

Percentuale di utenti per punteggio

I tuoi punteggi nel tempo

Non hai fatto questo quiz